| 000 | 00451pab a2200169 454500 | ||
|---|---|---|---|
| 008 | 180718b2006 xxu||||| |||| 00| 0 eng d | ||
| 100 | _aKaur, Sarbjit | ||
| 245 | _aJudicial review and the ninth schedule of the constitution | ||
| 260 | _c2006 | ||
| 300 | _ap.314-42. | ||
| 362 | _aJul-Dec | ||
| 650 | _aJudiciary - India | ||
| 650 | _aJudiciary | ||
| 773 | _aJournal of Constitutional and Parliamentary Studies | ||
| 908 | _aN | ||
| 909 | _a76032 | ||
| 999 |
_c76032 _d76032 |
||